| 000 | 00000nas##2200000za#4500 |
| 001 | 9.508725 |
| 003 | CaOODSP |
| 005 | 20220217114134 |
| 007 | co ||||||||||| |
| 008 | 150406c1999||||xxc|| p q||||f| |0fre|d |
| 022 | |a1480-7378 |
| 040 | |aCaOODSP|bfre |
| 041 | |aeng |
| 041 | |afre |
| 043 | |an-cn--- |
| 086 | 1 |aSN2-2-MRC |
| 110 | 2 |aBibliothèque et archives Canada. |
| 245 | 10|aCanadiana : |h[ressource électronique]|bla bibliographie nationale |
| 260 | |aOttawa - Ontario : |bBibliothèque et Archives Canada |
| 310 | |aAnnuel |
| 362 | 1 |aDécembre 1999-- |
| 520 | 3 |aCanadiana répertorie et décrit une vaste gamme de documents produits au Canada ou publiés à l'étranger mais présentant un intérêt particulier pour le Canada. Ces publications sont des livres, des périodiques, des enregistrements sonores, des microformes, des partitions, des brochures, des documents officiels, des thèses, des ensembles didactiques, des enregistrements vidéos, et des documents électroniques. Canadiana fournit pour chaque document répertorié des renseignements bibliographiques normalisés. Ces renseignements peuvent être utilisés à des fins de consultation et de recherche, de vérification de renseignements bibliographiques et de catalogage de documents. Ils constituent un outil de sélection précieux pour développer les collections de bibliothèque, établir des bibliographies en études canadiennes et se procurer des publications canadiennes. |
| 538 | |aMicro-ordinateur de type IBM PC; Processeur 386SX (486DX 33Mhz ou supérieur recommendé); 8 Mo de RAM; 10 Mo d'espace libre sur le disque dur; Unité de cédérom (à double vitesse ou supérieur); Écran (couleur ou monochrome); souris compatible avec Windows; Imprimante compatible avec Windows; Windows 3.1 ou meilleur; Unité de CD-ROM (à double vitesse ou supérieur); Fonction de balayage du Web: Netscape 3 ou Microsoft Internet |
| 776 | 0#|tCanadiana |w(CaOODSP)9.508722 |
| 791 | |tCanadiana : |eeng|w(CaOODSP)9.508724 |